Southville International School and Colleges
Your cart is empty.
  • Cart
  • Lists
    Public lists Eva Luna New books Lux_list list_1
    Your lists Log in to create your own lists
  • Log in to your account
  • Your cookies
  • Search history
Southville International School and Colleges
  • Advanced search
  • Recent comments
  • Most popular
  • Libraries

Log in to your account

Log in with GOOGLE


If you do not have an external account, but do have a local account, you can still log in:

  1. Home
  2. MARC view: Marie Curie.
Normal view MARC view ISBD view

Marie Curie. (Record no. 114586)

[ view plain ]
MARC details
000 -LEADER
fixed length control field 00336nam a2200145 a 4500
005 - DATE AND TIME OF LATEST TRANSACTION
control field 20140414132105.0
008 - FIXED-LENGTH DATA ELEMENTS--GENERAL INFORMATION
fixed length control field 100823s19uu xx 00 eng d
050 ## - LIBRARY OF CONGRESS CALL NUMBER
Classification number VCD
Item number M33
100 ## - MAIN ENTRY--PERSONAL NAME
Personal name Rich, Richard
245 ## - TITLE STATEMENT
Title Marie Curie.
260 ## - PUBLICATION, DISTRIBUTION, ETC. (IMPRINT)
Date of publication, distribution, etc 2001.
300 ## - PHYSICAL DESCRIPTION
Extent 30 mins / Color / Stereo
650 ## - SUBJECT ADDED ENTRY--TOPICAL TERM
Topical term or geographic name as entry element Marie Curie
Holdings
Withdrawn status Lost status Damaged status Use restrictions Home library Current library Shelving location Date acquired Source of acquisition Cost, normal purchase price Total Checkouts Full call number Barcode Date last seen Price effective from Koha item type
        Munich Library Munich Library Audio Visual Material Section 08/23/2010   150.00   VCD M33 M6455 04/14/2014 04/14/2014 Audio Visual Materials

Marie Curie.

APA

Rich R., . (2001). Marie Curie. : .

Chicago

Rich Richard, . 2001. Marie Curie. : .

Harvard

Rich R., . (2001). Marie Curie. : .

MLA

Rich Richard, . Marie Curie. : . 2001.

  • Place hold
  • Print
  • Cite
  • Add to your cart (remove)
  • Save record
    BIBTEX Dublin Core MARCXML MARC (non-Unicode/MARC-8) MARC (Unicode/UTF-8) MARC (Unicode/UTF-8, Standard) MODS (XML) RIS
  • More searches
    Search for this title in:
    Other Libraries (WorldCat) Other Databases (Google Scholar) Online Stores (Bookfinder.com) Open Library (openlibrary.org)

Exporting to Dublin Core...

SOUTHVILLE LIBRARY

Southville International School and Colleges Library

1281 Tropical Ave. Cor. Luxembourg St., BF Homes International, Las Pinas City

Tel. No. 8256374 / 252358 Loc. 117/146

Powered by Koha